ARRUPE JESUIT UNIVERSITY

CORONAVIRUS -STOP THE SPREAD - CLEAN,DISINFECT,COVER

The Hitler I knew : (Record no. 131784)

MARC details
000 -LEADER
fixed length control field 02065cam a2200433 a 4500
001 - CONTROL NUMBER
control field 16060058
003 - CONTROL NUMBER IDENTIFIER
control field ARRUPE
005 - DATE AND TIME OF LATEST TRANSACTION
control field 20240208113627.0
008 - FIXED-LENGTH DATA ELEMENTS--GENERAL INFORMATION
fixed length control field 100119s2010 nyuaf 001 0deng
010 ## - LIBRARY OF CONGRESS CONTROL NUMBER
LC control number 2010001622
020 ## - INTERNATIONAL STANDARD BOOK NUMBER
International Standard Book Number 9781602399723 (hardcover : alk. paper)
020 ## - INTERNATIONAL STANDARD BOOK NUMBER
International Standard Book Number 1602399727 (hardcover : alk. paper)
035 ## - SYSTEM CONTROL NUMBER
System control number (OCoLC)ocn464580173
040 ## - CATALOGING SOURCE
Original cataloging agency DLC
Transcribing agency DLC
Modifying agency BTCTA
-- YDXCP
-- C#P
-- BWX
-- ORX
-- QBX
-- VP@
-- DLC
041 1# - LANGUAGE CODE
Language code of text/sound track or separate title eng
Language code of original and/or intermediate translations of text ger
043 ## - GEOGRAPHIC AREA CODE
Geographic area code e-gx---
050 00 - LIBRARY OF CONGRESS CALL NUMBER
Classification number DD247.H5
Item number D5613 2010
082 00 - DEWEY DECIMAL CLASSIFICATION NUMBER
Classification number 943.086092
-- B
Edition number 22
300 ## - PHYSICAL DESCRIPTION
Other physical details ill. ;
Dimensions 22 cm.
100 1# - MAIN ENTRY--PERSONAL NAME
Personal name Dietrich, Otto,
Dates associated with a name 1897-1952.
9 (RLIN) 52403
240 10 - UNIFORM TITLE
Uniform title <a href="12 Jahre mit Hitler.">12 Jahre mit Hitler.</a>
Language of a work English
245 14 - TITLE STATEMENT
Title The Hitler I knew :
Remainder of title the memoirs of the Third Reich's press chief /
Statement of responsibility, etc Otto Dietrich ; introduction by Roger Moorhouse.
260 ## - PUBLICATION, DISTRIBUTION, ETC. (IMPRINT)
Place of publication, distribution, etc New York, NY :
Name of publisher, distributor, etc Skyhorse Pub.,
Date of publication, distribution, etc c2010.
300 ## - PHYSICAL DESCRIPTION
Extent xiii, 242 p., [8] p. of plates :
500 ## - GENERAL NOTE
General note Includes index.
500 ## - GENERAL NOTE
General note Translated from the German.
504 ## - BIBLIOGRAPHY, ETC. NOTE
Bibliography, etc Includes bibliographical references and index.
505 0# - FORMATTED CONTENTS NOTE
Formatted contents note pt. 1. Hitler as leader of "party, state, and armed forces" -- Character and talent -- From popular leader to gambler with destiny -- Hitler's foreign policy during the war -- Hitler the soldier -- The leader state : chaos in leadership -- The Führer's will and the will of the people -- pt. 2. Scenes from Hitler's life -- Postscript.
600 10 - SUBJECT ADDED ENTRY--PERSONAL NAME
Personal name Hitler, Adolf,
Dates associated with a name 1889-1945.
9 (RLIN) 21935
600 10 - SUBJECT ADDED ENTRY--PERSONAL NAME
Personal name Hitler, Adolf,
Dates associated with a name 1889-1945
General subdivision Psychology.
9 (RLIN) 52404
600 10 - SUBJECT ADDED ENTRY--PERSONAL NAME
Personal name Dietrich, Otto,
Dates associated with a name 1897-1952.
9 (RLIN) 52403
600 10 - SUBJECT ADDED ENTRY--PERSONAL NAME
Personal name Hitler, Adolf,
Dates associated with a name 1889-1945
General subdivision Friends and associates.
9 (RLIN) 51992
650 #0 - SUBJECT ADDED ENTRY--TOPICAL TERM
Topical term or geographic name as entry element Heads of state
Geographic subdivision Germany
Form subdivision Biography.
9 (RLIN) 51490
650 #0 - SUBJECT ADDED ENTRY--TOPICAL TERM
Topical term or geographic name as entry element Press secretaries
Geographic subdivision Germany
Form subdivision Biography.
9 (RLIN) 52405
650 #0 - SUBJECT ADDED ENTRY--TOPICAL TERM
Topical term or geographic name as entry element Nazis
Form subdivision Biography.
9 (RLIN) 50973
651 #0 - SUBJECT ADDED ENTRY--GEOGRAPHIC NAME
Geographic name Germany
General subdivision Politics and government
Chronological subdivision 1933-1945.
9 (RLIN) 52375
906 ## - LOCAL DATA ELEMENT F, LDF (RLIN)
a 7
b cbc
c orignew
d 1
e ecip
f 20
g y-gencatlg
942 ## - ADDED ENTRY ELEMENTS (KOHA)
Source of classification or shelving scheme Library of Congress Classification
Koha item type Monograph ( Printed materials)
Holdings
Withdrawn status Lost status Source of classification or shelving scheme Damaged status Not for loan Collection code Home library Current library Shelving location Date acquired Total Checkouts Full call number Barcode Date last seen Price effective from Koha item type
    Library of Congress Classification     Main Collection ARRUPE LIBRARY ARRUPE LIBRARY Main Collection 08/02/2024   DD247.H5 D5613 2010 46700000325 08/02/2024 08/02/2024 Monograph ( Printed materials)

 

Arrupe Library. PO Box MP320 Mt Pleasant, Harare, Zimbabwe
263 242 745411|librarian@aju.ac.zw